[Event "XIV Torneo Leonardo di Bona B"]
[Site "Cutro ITA"]
[Date "2008.04.27"]
[Round "3"]
[White "Familari, Giuseppe"]
[Black "Piccoli, Vincenzo"]
[Result "1/2-1/2"]
[WhiteElo "1801"]
[BlackElo "1939"]
[PlyCount "55"]
[EventDate "2008.04.25"]

1. d4 Nf6 2. c4 e6 3. Nf3 b6 4. g3 Bb7 5. Bg2 Be7 6. O-O O-O 7. Nc3 Ne4 8. d5
Nxc3 9. bxc3 Bf6 10. Qd3 Na6 11. Be3 e5 12. Nd2 d6 13. Ne4 Be7 14. g4 Bc8 15.
Bf3 f5 16. gxf5 Bxf5 17. Kh1 Nc5 18. Bxc5 bxc5 19. Qe3 Bg6 20. Rg1 Rf4 21. Rg4
Bxe4 22. Rxf4 Bg5 23. Qxe4 Bxf4 24. e3 Bg5 25. Rb1 Rb8 26. Bg4 Rb6 27. Be6+ Kh8
28. Qf5 1/2-1/2

[Event "XIV Torneo Leonardo di Bona B"]
[Site "Cutro ITA"]
[Date "2008.04.27"]
[Round "3"]
[White "Longo, Giuseppe"]
[Black "D'Elia, Mario Domenico"]
[Result "1-0"]
[WhiteElo "1700"]
[BlackElo "1446"]
[PlyCount "65"]
[EventDate "2008.04.25"]

1. d4 d5 2. Nf3 e6 3. e3 Nf6 4. Bd3 Nbd7 5. c3 Be7 6. Nbd2 a6 7. O-O h6 8. Qe2
O-O 9. e4 dxe4 10. Nxe4 Re8 11. Be3 b6 12. Rad1 Bb7 13. Nxf6+ Bxf6 14. Bf4 Qc8
15. Rfe1 c5 16. Bc2 c4 17. h3 b5 18. Nh2 Nf8 19. Ng4 Be7 20. Ne5 Bf6 21. Qh5
Bxe5 22. Bxe5 f5 23. Re3 Re7 24. Rg3 g6 25. Qxh6 Rh7 26. Rxg6+ Kf7 27. Rg7+
Rxg7 28. Qxg7+ Ke8 29. Bd6 Ng6 30. Qxg6+ Kd7 31. Be5 Qg8 32. Qxg8 Rxg8 33. g3
1-0

[Event "XIV Torneo Leonardo di Bona B"]
[Site "Cutro ITA"]
[Date "2008.04.27"]
[Round "3"]
[White "Macri', Giuseppe"]
[Black "Paragliola, Gennaro"]
[Result "0-1"]
[WhiteElo "1431"]
[BlackElo "1615"]
[PlyCount "76"]
[EventDate "2008.04.25"]

1. d4 Nf6 2. c4 g6 3. Nc3 Bg7 4. e4 d6 5. Bg5 O-O 6. Qd2 c5 7. d5 Re8 8. Bd3
Bd7 9. h3 Na6 10. a3 Qa5 11. Qc1 Nc7 12. Bd2 Qa6 13. b4 b5 14. Nxb5 Nxb5 15.
cxb5 Bxb5 16. Bxb5 Qxb5 17. Rb1 Qd3 18. f3 Rec8 19. Qd1 c4 20. Bf4 Qxa3 21. Ne2
Nh5 22. Bc1 Qa2 23. Be3 c3 24. Rc1 Qc4 25. Rc2 Qxb4 26. Bd4 Bxd4 27. Nxd4 Nf4
28. Nc6 Qb7 29. Qc1 Nd3+ 30. Ke2 Nxc1+ 31. Rhxc1 Qb5+ 32. Kf2 Rxc6 33. dxc6
Qxc6 34. Rxc3 Qb6+ 35. Kg3 a5 36. Rc7 Qe3 37. R7c3 Qg5+ 38. Kh2 a4 0-1

[Event "XIV Torneo Leonardo di Bona B"]
[Site "Cutro ITA"]
[Date "2008.04.27"]
[Round "3"]
[White "Mercuri, Delia"]
[Black "Olivo, Gaetano"]
[Result "0-1"]
[WhiteElo "1454"]
[BlackElo "1562"]
[PlyCount "92"]
[EventDate "2008.04.25"]

1. e4 e6 2. d3 c5 3. Nf3 Nc6 4. Be2 Nf6 5. Bg5 Be7 6. h3 d5 7. Nbd2 h6 8. Bxf6
Bxf6 9. Rb1 a6 10. O-O b5 11. Nh2 Bb7 12. Ng4 Be7 13. exd5 Qxd5 14. Bf3 Qxa2
15. Nb3 Qa4 16. Qd2 b4 17. Qe2 Qb5 18. Ne3 Nd4 19. Nxd4 cxd4 20. Bxb7 Qxb7 21.
Nc4 O-O 22. b3 Qc7 23. Qe4 Bf6 24. Ra1 a5 25. Ra4 Ra6 26. Rfa1 Rfa8 27. f4 Qc5
28. g4 Bd8 29. Re1 Bc7 30. Re2 Rd8 31. h4 Qd5 32. Kf2 f5 33. Qxd5 exd5 34. Ne5
Bxe5 35. fxe5 fxg4 36. Kg3 h5 37. Ra1 Re8 38. Rf1 g6 39. Rf4 Rae6 40. Rxd4 Rxe5
41. Rf2 Rf8 42. Rxf8+ Kxf8 43. Rf4+ Kg7 44. d4 Rf5 45. Rxf5 gxf5 46. Kf4 Kf6
0-1

[Event "XIV Torneo Leonardo di Bona B"]
[Site "Cutro ITA"]
[Date "2008.04.27"]
[Round "3"]
[White "Mercurio, Rosario"]
[Black "Ielapi, Gianbattista"]
[Result "0-1"]
[WhiteElo "1360"]
[BlackElo "1602"]
[PlyCount "48"]
[EventDate "2008.04.25"]

1. c4 Nf6 2. Nc3 g6 3. Nf3 Bg7 4. g3 O-O 5. Bg2 d5 6. cxd5 Nxd5 7. Ng5 Nxc3 8.
bxc3 e5 9. Ne4 Nd7 10. Rb1 f5 11. h4 fxe4 12. Bxe4 Nf6 13. Bg2 c6 14. d4 Be6
15. Rxb7 exd4 16. Bh3 Bxh3 17. Qb3+ Qd5 18. Qxd5+ Nxd5 19. Rxh3 Rf7 20. Rb3
Nxc3 21. Bb2 Rd8 22. g4 c5 23. e3 dxe3 24. Rxe3 Rd1# 0-1

[Event "XIV Torneo Leonardo di Bona B"]
[Site "Cutro ITA"]
[Date "2008.04.27"]
[Round "3"]
[White "Morelli, Gaetano"]
[Black "Scerra, Ezio"]
[Result "1-0"]
[WhiteElo "1930"]
[BlackElo "1311"]
[PlyCount "27"]
[EventDate "2008.04.25"]

1. e4 e5 2. Nf3 Nc6 3. Bb5 Nf6 4. O-O Qe7 5. d4 Nxe4 6. Bxc6 bxc6 7. Nxe5 g6 8.
Re1 Qh4 9. g3 Nxg3 10. Nxg6+ Ne4 11. Nxh4 d5 12. f3 Rg8+ 13. Kh1 Rg1+ 14. Kxg1
1-0

[Event "XIV Torneo Leonardo di Bona B"]
[Site "Cutro ITA"]
[Date "2008.04.27"]
[Round "3"]
[White "Olivo, Paolo"]
[Black "Macri', Pasquale"]
[Result "1-0"]
[WhiteElo "1616"]
[BlackElo "1431"]
[PlyCount "83"]
[EventDate "2008.04.25"]

1. e4 e5 2. Nf3 Nc6 3. Bc4 Bc5 4. c3 Be7 5. O-O d6 6. h3 f5 7. d3 f4 8. b4 Nh6
9. d4 Bf6 10. Bb5 Bd7 11. dxe5 Nxe5 12. Bxd7+ Qxd7 13. Bxf4 Rg8 14. Nxe5 dxe5
15. Qh5+ Qf7 16. Qxf7+ Nxf7 17. Be3 Nd6 18. Nd2 g5 19. f3 O-O-O 20. c4 a6 21.
a4 h5 22. g4 c6 23. c5 Nf7 24. Nc4 Rd3 25. Kf2 Rc3 26. Nb6+ Kc7 27. Rfd1 Rd8
28. Rxd8 Bxd8 29. Rd1 Rc2+ 30. Kg1 Kb8 31. gxh5 Rc3 32. Kf2 Rb3 33. h6 Bxb6 34.
cxb6 Kc8 35. h7 Rb2+ 36. Kg3 Rb3 37. Bxg5 Rxb4 38. Rd8+ Nxd8 39. h8=Q Rd4 40.
Qxe5 Rd7 41. Bxd8 Rxd8 42. Qc7# 1-0

[Event "XIV Torneo Leonardo di Bona B"]
[Site "Cutro ITA"]
[Date "2008.04.27"]
[Round "3"]
[White "Policastrese, Salvatore"]
[Black "Grano, Giuseppe"]
[Result "0-1"]
[WhiteElo "1446"]
[BlackElo "1733"]
[PlyCount "110"]
[EventDate "2008.04.25"]

1. e4 c5 2. Nf3 d6 3. c3 a6 4. d4 cxd4 5. cxd4 Nf6 6. Nc3 e6 7. Bd3 Nc6 8. a3
Be7 9. O-O O-O 10. Qc2 e5 11. d5 Nb8 12. Be3 Bg4 13. Qe2 Nbd7 14. h3 Bh5 15. g4
Bg6 16. Nh4 Rc8 17. Nxg6 fxg6 18. Rac1 Nc5 19. Bxc5 Rxc5 20. b4 Rc8 21. Qe3 Nd7
22. Qa7 Rf3 23. Rfd1 Bh4 24. Rc2 Rxc3 25. Rxc3 Bxf2+ 26. Qxf2 Rxf2 27. Kxf2 h5
28. Be2 Nf6 29. Ke3 Qb6+ 30. Kf3 Nh7 31. Rc8+ Kf7 32. Rf1 Ke7 33. Kg2 Qe3 34.
Bf3 Ng5 35. Rc7+ Kd8 36. Rxg7 Nxe4 37. Bxe4 Qxe4+ 38. Kg3 Qe3+ 39. Kg2 Qe4+ 40.
Kg3 Ke8 41. Rgf7 Qxd5 42. Rf8+ Ke7 43. Kh4 hxg4 44. Kxg4 e4 45. R8f6 Qh5+ 46.
Kg3 Qe5+ 47. Kg4 Qxf6 48. Rxf6 Kxf6 49. Kf4 g5+ 50. Kxe4 Ke6 51. Kf3 d5 52. Kg4
d4 53. Kf3 Ke5 54. Ke2 Ke4 55. Kd2 d3 0-1

[Event "XIV Torneo Leonardo di Bona B"]
[Site "Cutro ITA"]
[Date "2008.04.27"]
[Round "3"]
[White "Soluri, Francesco"]
[Black "Olivo, Ilaria"]
[Result "1/2-1/2"]
[WhiteElo "1452"]
[BlackElo "1500"]
[PlyCount "96"]
[EventDate "2008.04.25"]

1. e4 c5 2. Nf3 d6 3. d3 Nf6 4. Be2 Nc6 5. c3 e5 6. O-O Be7 7. Bg5 O-O 8. Nbd2
d5 9. Bxf6 Bxf6 10. exd5 Qxd5 11. Ne4 Be7 12. Qc2 f5 13. Ng3 Qd8 14. Rad1 Be6
15. b3 Bd5 16. Rd2 Bg5 17. Nxg5 Qxg5 18. Qd1 Rae8 19. f3 Rf6 20. Rf2 Rg6 21.
Bf1 Qh4 22. Nxf5 Qg5 23. Ng3 Rf8 24. Ne4 Qh4 25. g3 Qh5 26. Bg2 Rh6 27. Bh1 Ne7
28. Qe2 Bxe4 29. Qxe4 b6 30. Rde2 Nc6 31. Re3 Rff6 32. Rg2 Qf5 33. Qxf5 Rxf5
34. Rge2 Rd6 35. Bg2 Rf8 36. f4 exf4 37. gxf4 Rxf4 38. Re8+ Rf8 39. Rxf8+ Kxf8
40. Bxc6 Rxc6 41. Kf1 Rf6+ 42. Ke1 Rf3 43. Rf2 Rxf2 44. Kxf2 Ke7 45. Ke3 Ke6
46. Ke4 g5 47. d4 cxd4 48. cxd4 h5 1/2-1/2

[Event "XIV Torneo Leonardo di Bona B"]
[Site "Cutro ITA"]
[Date "2008.04.27"]
[Round "3"]
[White "Todic, Simo"]
[Black "Ielapi, Vito"]
[Result "0-1"]
[WhiteElo "1748"]
[BlackElo "1929"]
[PlyCount "82"]
[EventDate "2008.04.25"]

1. e4 d5 2. exd5 Qxd5 3. Nc3 Qd6 4. d4 Nf6 5. Nf3 a6 6. Bd3 Nc6 7. O-O Bg4 8.
Ne4 Nxe4 9. Bxe4 O-O-O 10. c3 f6 11. Qc2 g6 12. h3 Bd7 13. Be3 f5 14. Bxc6 Bxc6
15. Ne5 Be8 16. Bf4 Qf6 17. Nf3 Rg8 18. Rfe1 g5 19. Be5 Qg6 20. Bh2 e6 21. Qe2
g4 22. Ne5 Qg7 23. hxg4 Bd6 24. f3 h5 25. gxf5 exf5 26. Rad1 h4 27. Rd2 Bh5 28.
Kh1 Qf6 29. c4 Bb4 30. a3 Bxd2 31. Qxd2 Rg7 32. Re2 Rdg8 33. d5 h3 34. gxh3
Qxe5 35. Bxe5 Rg1+ 36. Kh2 Bxf3 37. Re1 R8g2+ 38. Qxg2 Rxg2+ 39. Kh1 Re2+ 40.
Kg1 Rxe1+ 41. Kf2 Rxe5 0-1

[Event "XIV Torneo Leonardo di Bona B"]
[Site "Cutro ITA"]
[Date "2008.04.27"]
[Round "3"]
[White "Valotta, Massimiliano"]
[Black "Garofalo, Massimo"]
[Result "0-1"]
[WhiteElo "1896"]
[BlackElo "1745"]
[PlyCount "138"]
[EventDate "2008.04.25"]

1. d4 Nf6 2. c4 g6 3. Nc3 Bg7 4. e4 d6 5. f4 O-O 6. Nf3 Nfd7 7. Bd3 e5 8. fxe5
dxe5 9. d5 Nc5 10. Bc2 a5 11. Be3 Nba6 12. a3 Bg4 13. O-O Qe7 14. h3 Bd7 15.
Qd2 b6 16. Rad1 Nb7 17. b3 Qxa3 18. d6 Qxd6 19. Qxd6 cxd6 20. Bxb6 Nb4 21. Bb1
a4 22. c5 axb3 23. cxd6 Rfc8 24. Nd5 Nxd5 25. Rxd5 Rc6 26. Bc7 Rc5 27. Rd3 Rb5
28. Rc3 Bh6 29. Bd3 Rb4 30. Rb1 b2 31. Rc4 Rxc4 32. Bxc4 Ra1 33. Bd3 f6 34. Kf2
Rxb1 35. Bxb1 Bf8 36. Nd2 Bxd6 37. Bb6 Be6 38. Ke2 Nc5 39. Bxc5 Bxc5 40. Kd3 f5
41. exf5 Bxf5+ 42. Ne4 Bd4 43. g4 Be6 44. Nc3 h5 45. gxh5 gxh5 46. h4 Bf5+ 47.
Ne4 Kg7 48. Ke2 Kf8 49. Kf3 Ke7 50. Bc2 Kd8 51. Bb1 Kc7 52. Ke2 Kb6 53. Kd3 Kb5
54. Kd2 Kb4 55. Kd3 Bf2 56. Ba2 Bxh4 57. Ke3 Bd8 58. Bb1 h4 59. Kf3 Be6 60. Nf2
Ka3 61. Nd3 Ba2 62. Nxb2 Kxb2 63. Bf5 Bd5+ 64. Ke2 Kc3 65. Bh3 Kd4 66. Kd2 e4
67. Ke2 e3 68. Bf5 Bc4+ 69. Kf3 e2 0-1

[Event "XIV Torneo Leonardo di Bona B"]
[Site "Cutro ITA"]
[Date "2008.04.27"]
[Round "3"]
[White "Virelli, Salvatore"]
[Black "Sansosti, Simona"]
[Result "1-0"]
[WhiteElo "1509"]
[BlackElo "1452"]
[PlyCount "79"]
[EventDate "2008.04.25"]

1. Nf3 d5 2. g3 Nf6 3. Bg2 e6 4. b3 Be7 5. Bb2 O-O 6. O-O Nbd7 7. Nc3 c5 8. e3
b6 9. Ne2 Rb8 10. d3 Bb7 11. a4 a5 12. c3 Re8 13. c4 Qc7 14. Qc2 e5 15. Nc3 Bf8
16. Nb5 Qc8 17. Bh3 Qd8 18. Bg2 d4 19. e4 Ra8 20. Bc1 g6 21. Bg5 Bg7 22. Nd6
Qb8 23. Nxe8 Qxe8 24. Bh3 h6 25. Bxf6 Nxf6 26. Rfe1 Qe7 27. Nd2 Nh7 28. Qd1 h5
29. Nf3 Rf8 30. Qd2 f5 31. Nh4 Qf7 32. exf5 g5 33. Ng6 Re8 34. Re2 g4 35. Bg2
Bxg2 36. Kxg2 Qxf5 37. Nh4 Qf7 38. Rf1 Ng5 39. Qxg5 Qb7+ 40. Re4 1-0

[Event "XIV Torneo Leonardo di Bona B"]
[Site "Cutro ITA"]
[Date "2008.04.28"]
[Round "4"]
[White "Alo', Lucio"]
[Black "Valotta, Massimiliano"]
[Result "0-1"]
[WhiteElo "1439"]
[BlackElo "1896"]
[PlyCount "90"]
[EventDate "2008.04.25"]

1. Nf3 d5 2. d4 c5 3. Bf4 Nc6 4. e3 Bg4 5. dxc5 e5 6. Bg3 e4 7. h3 Bh5 8. Bh4
Qa5+ 9. Nc3 exf3 10. Qxd5 Qxc5 11. Qe4+ Qe5 12. Qa4 Bb4 13. Qb3 Nf6 14. Bb5 O-O
15. g4 Bg6 16. O-O Bxc3 17. bxc3 Ne4 18. Rad1 Qxc3 19. Qd5 Nb4 20. Qd7 Nc5 21.
Qd6 a6 22. Bd3 Nbxd3 23. cxd3 Nxd3 24. Qd5 b5 25. Qxf3 h6 26. e4 Qc6 27. Qxd3
Bxe4 28. Qd6 Qc3 29. Qg3 Qb2 30. Qf4 Bg6 31. Rd2 Qc3 32. Bg3 Rad8 33. Rxd8 Rxd8
34. Rc1 Qb2 35. Qc7 Rd2 36. Qb8+ Kh7 37. Rc8 Qa1+ 38. Kh2 Be4 39. Rh8+ Kg6 40.
Qb6+ f6 41. Bf4 Qh1+ 42. Kg3 Rd3+ 43. Be3 Bg2 44. f3 Qxh3+ 45. Kf4 Qxf3# 0-1

[Event "XIV Torneo Leonardo di Bona B"]
[Site "Cutro ITA"]
[Date "2008.04.28"]
[Round "4"]
[White "Alvaro, Francesco"]
[Black "Longo, Giuseppe"]
[Result "1-0"]
[WhiteElo "1557"]
[BlackElo "1700"]
[PlyCount "87"]
[EventDate "2008.04.25"]

1. e4 c6 2. d4 d5 3. Nc3 Nf6 4. Bd3 e6 5. Nf3 Bb4 6. Bg5 Qa5 7. Bd2 Bxc3 8.
Bxc3 Qc7 9. exd5 cxd5 10. Bb4 Nc6 11. Ba3 a6 12. c3 Ne7 13. Qa4+ Nc6 14. O-O
Bd7 15. Qc2 Ne7 16. Ne5 Bc6 17. Rae1 O-O 18. Re3 Rfe8 19. Rh3 g6 20. b3 Bb5 21.
Bc1 Bxd3 22. Qxd3 Rac8 23. Qf3 Nf5 24. g4 Nxg4 25. Nxg4 Qe7 26. Bf4 f6 27. Nh6+
Nxh6 28. Bxh6 e5 29. Qxd5+ Kh8 30. Re1 Rcd8 31. Qe4 Qe6 32. Rhe3 b5 33. dxe5 f5
34. Qh4 g5 35. Qxg5 Rg8 36. Rg3 Rxg5 37. Bxg5 Rf8 38. Kh1 f4 39. Rd3 f3 40. Rd6
Qc8 41. Bf6+ Kg8 42. Rg1+ Kf7 43. Rg7+ Ke8 44. Re7# 1-0

[Event "XIV Torneo Leonardo di Bona B"]
[Site "Cutro ITA"]
[Date "2008.04.28"]
[Round "4"]
[White "Bruno, Elio"]
[Black "De Rasis, Giovanni"]
[Result "0-1"]
[WhiteElo "1646"]
[BlackElo "1743"]
[PlyCount "36"]
[EventDate "2008.04.25"]

1. e4 c6 2. d4 d5 3. Nc3 dxe4 4. Nxe4 Bf5 5. Ng3 Nf6 6. Nf3 e6 7. a3 Qc7 8. Be2
Bd6 9. b4 Nbd7 10. Bb2 Rd8 11. O-O g5 12. h3 Bxh3 13. gxh3 g4 14. Nh4 gxh3 15.
Bf3 Be7 16. Bh5 Qf4 17. Bxf7+ Kxf7 18. Nf3 Qg4 0-1

[Event "XIV Torneo Leonardo di Bona B"]
[Site "Cutro ITA"]
[Date "2008.04.28"]
[Round "4"]
[White "Frontera, Domenico"]
[Black "Scerra, Ezio"]
[Result "1-0"]
[WhiteElo "1659"]
[BlackElo "1311"]
[PlyCount "41"]
[EventDate "2008.04.25"]

1. e4 e5 2. Nf3 Nc6 3. Nc3 Be7 4. d4 d6 5. Bc4 f6 6. Be3 a6 7. O-O Bg4 8. dxe5
Nh6 9. Bxh6 gxh6 10. Qd5 Bh5 11. Nh4 fxe5 12. Nf5 Qd7 13. Ng7+ Kd8 14. Nxh5 Bg5
15. f4 Ne7 16. Qxb7 Qc6 17. Qxc6 Nxc6 18. fxg5 hxg5 19. Bd5 Rb8 20. Bxc6 Rxb2
21. Rf7 1-0

[Event "XIV Torneo Leonardo di Bona B"]
[Site "Cutro ITA"]
[Date "2008.04.28"]
[Round "4"]
[White "Grano, Giuseppe"]
[Black "Olivo, Paolo"]
[Result "1-0"]
[WhiteElo "1733"]
[BlackElo "1616"]
[PlyCount "93"]
[EventDate "2008.04.25"]

1. d4 Nf6 2. Nf3 g6 3. e3 Bg7 4. Bd3 b6 5. Nbd2 Bb7 6. O-O d6 7. c3 O-O 8. Re1
e5 9. e4 c6 10. Nc4 exd4 11. cxd4 d5 12. exd5 Nxd5 13. Be3 b5 14. Nce5 Nd7 15.
Ng4 Nxe3 16. Rxe3 Nb6 17. Bf1 Nd5 18. Rd3 Bc8 19. Nge5 Qd6 20. Rc1 Bb7 21. a3
h5 22. Qd2 f6 23. Nxg6 Rf7 24. Ngh4 Bc8 25. h3 Bd7 26. Nh2 Nf4 27. Rg3 Kf8 28.
Ng6+ Ke8 29. Nxf4 Bh6 30. Re1+ Kd8 31. Ne6+ Bxe6 32. Qxh6 Kc7 33. Qd2 Raf8 34.
Qa5+ Kb7 35. a4 a6 36. axb5 cxb5 37. Nf3 Rc8 38. Bd3 Rfc7 39. Be4+ Ka7 40. Ra1
Rc1+ 41. Rxc1 Rxc1+ 42. Kh2 f5 43. Qd2 Rc7 44. Bd3 Bd5 45. Ne5 h4 46. Rg6 Qf8
47. Qa5 1-0

[Event "XIV Torneo Leonardo di Bona B"]
[Site "Cutro ITA"]
[Date "2008.04.28"]
[Round "4"]
[White "Ielapi, Gianbattista"]
[Black "Todic, Simo"]
[Result "0-1"]
[WhiteElo "1602"]
[BlackElo "1748"]
[PlyCount "68"]
[EventDate "2008.04.25"]

1. d4 e6 2. Nf3 d5 3. e3 c5 4. c3 Nc6 5. Nbd2 Nf6 6. Bd3 Bd6 7. O-O O-O 8. dxc5
Bxc5 9. e4 Qc7 10. Re1 e5 11. exd5 Nxd5 12. Bxh7+ Kxh7 13. Ng5+ Kg8 14. Nde4
Nxc3 15. Qh5 Bf5 16. Nxc5 Nb5 17. Re3 Qd6 18. Nce6 Bg6 19. Qg4 fxe6 20. Rh3 Rf6
21. Be3 Qb4 22. Qe2 Nbd4 23. Bxd4 exd4 24. Rb3 Qe7 25. Ne4 Bxe4 26. Qxe4 Rh6
27. Re1 Rd8 28. g3 Rd7 29. f4 Qf7 30. g4 Qg6 31. Qxg6 Rxg6 32. g5 e5 33. fxe5
Rxg5+ 34. Kf2 Rxe5 0-1

[Event "XIV Torneo Leonardo di Bona B"]
[Site "Cutro ITA"]
[Date "2008.04.28"]
[Round "4"]
[White "Ielapi, Vito"]
[Black "Garofalo, Massimo"]
[Result "1-0"]
[WhiteElo "1929"]
[BlackElo "1745"]
[PlyCount "49"]
[EventDate "2008.04.25"]

1. d4 Nf6 2. Nf3 g6 3. Nbd2 Bg7 4. e4 d6 5. Bd3 Nbd7 6. O-O e5 7. c3 O-O 8. Re1
Nh5 9. Nf1 Nf4 10. Bxf4 exf4 11. h3 Nf6 12. Qc2 h5 13. Rad1 Nh7 14. e5 d5 15.
N1h2 Be6 16. b3 Ng5 17. Kh1 Rc8 18. Bxg6 Bxh3 19. Bxh5 Be6 20. Nxg5 Qxg5 21.
Qe2 Qh4 22. Rg1 f6 23. g3 Qh3 24. gxf4 fxe5 25. Qxe5 1-0

[Event "XIV Torneo Leonardo di Bona B"]
[Site "Cutro ITA"]
[Date "2008.04.28"]
[Round "4"]
[White "Luvera', Filippo"]
[Black "Familari, Giuseppe"]
[Result "0-1"]
[WhiteElo "1838"]
[BlackElo "1801"]
[PlyCount "110"]
[EventDate "2008.04.25"]

1. e4 e6 2. d4 d5 3. e5 c5 4. c3 Qb6 5. Nf3 Bd7 6. Be2 Nc6 7. O-O Nge7 8. dxc5
Qc7 9. b4 Ng6 10. Na3 a6 11. Bb2 Ngxe5 12. Nxe5 Qxe5 13. Qd2 Be7 14. f4 Qc7 15.
c4 Nxb4 16. Kh1 Bxc5 17. Nc2 Nxc2 18. Qxc2 d4 19. Rad1 Qb6 20. Rb1 Qd6 21. Qd3
Rd8 22. Rfd1 Qxf4 23. Bxd4 Bxd4 24. Qxd4 Qxd4 25. Rxd4 Bc6 26. Rxd8+ Kxd8 27.
c5 Kc7 28. Kg1 Rd8 29. Rb2 Rd5 30. Rc2 Ba4 31. Rc3 Rd2 32. Bd3 Bc6 33. Bxh7
Rxg2+ 34. Kf1 Rxh2 35. Bg8 Be8 36. Rf3 Rh8 37. Bxf7 Rf8 38. Bh5 Rxf3+ 39. Bxf3
Bc6 40. Bg4 Bd5 41. Kf2 Bxa2 42. Ke3 Kc6 43. Kd4 a5 44. Bd1 b5 45. cxb6 Kxb6
46. Ba4 Bd5 47. Be8 Bb3 48. Kc3 a4 49. Kb4 g5 50. Bh5 Kc6 51. Bf3+ Kd6 52. Kc3
Ke5 53. Kd3 Kf4 54. Bc6 g4 55. Bb7 Kg3 0-1

[Event "XIV Torneo Leonardo di Bona B"]
[Site "Cutro ITA"]
[Date "2008.04.28"]
[Round "4"]
[White "Macri', Pasquale"]
[Black "Virelli, Salvatore"]
[Result "1/2-1/2"]
[WhiteElo "1431"]
[BlackElo "1509"]
[PlyCount "55"]
[EventDate "2008.04.25"]

1. e4 c5 2. Nf3 d6 3. d4 cxd4 4. Nxd4 Nf6 5. Nc3 e6 6. Qd3 Be7 7. Be2 O-O 8.
Qg3 Re8 9. Bh6 Bf8 10. Bg5 Be7 11. O-O-O a6 12. f4 b5 13. e5 b4 14. exf6 bxc3
15. fxe7 cxb2+ 16. Kxb2 Qb6+ 17. Nb3 Bd7 18. Bf6 g6 19. f5 exf5 20. Rxd6 Qc7
21. Rhd1 Ra7 22. Qe5 Nc6 23. Rxc6 Qxe5+ 24. Bxe5 Bxc6 25. Rd8 Raxe7 26. Rxe8+
Rxe8 27. Nd4 Rxe5 28. Bxa6 1/2-1/2

[Event "XIV Torneo Leonardo di Bona B"]
[Site "Cutro ITA"]
[Date "2008.04.28"]
[Round "4"]
[White "Manfredi, Candido"]
[Black "Morelli, Gaetano"]
[Result "0-1"]
[WhiteElo "1644"]
[BlackElo "1930"]
[PlyCount "102"]
[EventDate "2008.04.25"]

1. e4 e5 2. Nf3 Nc6 3. Bc4 Bc5 4. c3 Nf6 5. d4 exd4 6. e5 d5 7. Bb5 Ne4 8. cxd4
Bb4+ 9. Bd2 Qe7 10. Bc3 Bg4 11. a3 Bxc3+ 12. bxc3 O-O 13. Be2 Na5 14. Nfd2 Bf5
15. O-O c5 16. Nxe4 dxe4 17. f4 exf3 18. Bxf3 Rad8 19. Qa4 b6 20. Nd2 Qg5 21.
Nc4 Bd7 22. Qc2 Nxc4 23. Rfe1 Bf5 24. Qf2 Qd2 25. Be2 Be6 26. Qf1 Qxc3 27. dxc5
Qxe5 28. cxb6 Qe3+ 29. Kh1 Nd2 30. Qg1 Qxb6 31. a4 Qxg1+ 32. Kxg1 Bc4 33. Bxc4
Nxc4 34. Rac1 Nb2 35. Rc7 a5 36. Ra7 Rd5 37. Ra1 g6 38. h3 Rb8 39. Kh2 Rf5 40.
Rb1 Rb4 41. Rc1 Rxa4 42. Rc8+ Kg7 43. Kg3 Nd3 44. Rc3 Nf4 45. Rc2 Nh5+ 46. Kh2
Rf1 47. g4 Nf4 48. g5 Ra3 49. Rxf7+ Kxf7 50. Rc7+ Ke6 51. Rc6+ Kd7 0-1

[Event "XIV Torneo Leonardo di Bona B"]
[Site "Cutro ITA"]
[Date "2008.04.28"]
[Round "4"]
[White "Olivo, Gaetano"]
[Black "Policastrese, Salvatore"]
[Result "1-0"]
[WhiteElo "1562"]
[BlackElo "1446"]
[PlyCount "81"]
[EventDate "2008.04.25"]

1. e4 e5 2. Nf3 Nc6 3. Bc4 h6 4. c3 Nf6 5. O-O Nxe4 6. Re1 Nd6 7. Nxe5 Nxe5 8.
Rxe5+ Be7 9. Bb3 O-O 10. d4 Bf6 11. Rh5 Re8 12. Nd2 Ne4 13. Nxe4 Rxe4 14. Be3
d6 15. h3 b6 16. Bc2 Rh4 17. Rxh4 Bxh4 18. Qd3 g6 19. Qc4 Be6 20. d5 Bd7 21.
Bxh6 Qf6 22. Be3 Re8 23. Qd4 Qxd4 24. Bxd4 Re2 25. Bb3 Rxb2 26. Re1 c5 27. dxc6
Bxc6 28. g3 Bd8 29. Kf1 a5 30. c4 Rd2 31. Bc3 Rd3 32. Rd1 Rxc3 33. Rxd6 Bf3 34.
Rxd8+ Kh7 35. Ke1 Rc1+ 36. Kd2 a4 37. Kxc1 axb3 38. axb3 Kg7 39. Rb8 Bg2 40. h4
b5 41. Rxb5 1-0

[Event "XIV Torneo Leonardo di Bona B"]
[Site "Cutro ITA"]
[Date "2008.04.28"]
[Round "4"]
[White "Olivo, Ilaria"]
[Black "Macri', Giuseppe"]
[Result "1-0"]
[WhiteElo "1500"]
[BlackElo "1431"]
[PlyCount "109"]
[EventDate "2008.04.25"]

1. e4 e5 2. Nf3 Nc6 3. Bb5 d6 4. h3 Nf6 5. d3 h6 6. O-O Be7 7. Re1 O-O 8. c3 a6
9. Ba4 Bd7 10. d4 exd4 11. cxd4 Re8 12. Nc3 b5 13. Bc2 Qc8 14. Be3 Nh7 15. e5
dxe5 16. dxe5 Bb4 17. Qd3 g6 18. Bxh6 Bf5 19. Qd2 Bxc2 20. Qxc2 Re6 21. Rad1
Qe8 22. Bf4 Rd8 23. a3 Ba5 24. b4 Rxd1 25. Rxd1 Bb6 26. Nd5 Qb8 27. Nxb6 cxb6
28. Rd6 Qe8 29. Rxe6 Qxe6 30. Qd2 a5 31. Nd4 Qd5 32. Nxc6 Qxc6 33. Qd6 Qxd6 34.
exd6 Nf8 35. Kf1 Nd7 36. Ke2 f6 37. Kd3 Kf7 38. Kd4 Ke6 39. g4 Nb8 40. h4 Nc6+
41. Kc3 axb4+ 42. axb4 Nd8 43. h5 g5 44. Be3 Nf7 45. Bxb6 Nxd6 46. Kd4 Nc4 47.
Kc5 Ne5 48. Kxb5 Nxg4 49. Kc6 Ne5+ 50. Kc7 f5 51. b5 Nf7 52. Ba7 g4 53. b6 Nd6
54. h6 Ne8+ 55. Kd8 1-0

[Event "XIV Torneo Leonardo di Bona B"]
[Site "Cutro ITA"]
[Date "2008.04.28"]
[Round "4"]
[White "Paragliola, Gennaro"]
[Black "Camposano, Antonio"]
[Result "1-0"]
[WhiteElo "1615"]
[BlackElo "1302"]
[PlyCount "69"]
[EventDate "2008.04.25"]

1. d4 Nf6 2. c4 g6 3. Nc3 d5 4. Nf3 Bg7 5. Bg5 Ne4 6. Nxd5 Nxg5 7. Nxg5 O-O 8.
Nf3 Bg4 9. e3 Be6 10. Nf4 Bc8 11. Bd3 Bg4 12. h3 Bxf3 13. Qxf3 Nc6 14. O-O e6
15. Rab1 Rb8 16. b4 Nxd4 17. exd4 Qxd4 18. Qe4 Rfd8 19. Rfd1 Qxe4 20. Bxe4 b6
21. Kf1 Be5 22. Nd3 Bd4 23. b5 f5 24. Bf3 Kf8 25. Nb4 Bf6 26. Nc6 Rxd1+ 27.
Rxd1 Ra8 28. Rd7 a6 29. Nb4 Ke8 30. Rxc7 Kd8 31. Rxh7 a5 32. Bxa8 axb4 33. Bc6
g5 34. Rb7 Bd4 35. Rd7+ 1-0

[Event "XIV Torneo Leonardo di Bona B"]
[Site "Cutro ITA"]
[Date "2008.04.28"]
[Round "4"]
[White "Piccoli, Vincenzo"]
[Black "Catapano, Francesco"]
[Result "1-0"]
[WhiteElo "1939"]
[BlackElo "1757"]
[PlyCount "69"]
[EventDate "2008.04.25"]

1. e4 e6 2. d4 d5 3. Nc3 Nf6 4. e5 Nfd7 5. Nf3 a6 6. Bd3 c5 7. dxc5 Nxc5 8. h4
Nxd3+ 9. Qxd3 Nc6 10. h5 Qc7 11. Bf4 Bd7 12. O-O-O O-O-O 13. Bg3 Be7 14. Kb1
Qa5 15. Nd2 Qb6 16. Nb3 Na7 17. Qf3 f6 18. h6 g6 19. exf6 Bd6 20. Bxd6 Qxd6 21.
g4 Qe5 22. Rhe1 Qd6 23. g5 Rhf8 24. Qe3 Rde8 25. Qxa7 Bc6 26. Qc5 Qf4 27. Qe3
Qd6 28. Qe5 Qb4 29. Qd4 Qd6 30. Re5 Kb8 31. Ne4 Qd7 32. Nec5 Qd6 33. Rde1 Bd7
34. Qb4 Qc6 35. Na5 1-0

[Event "XIV Torneo Leonardo di Bona B"]
[Site "Cutro ITA"]
[Date "2008.04.29"]
[Round "5"]
[White "Camposano, Antonio"]
[Black "Ielapi, Gianbattista"]
[Result "0-1"]
[WhiteElo "1302"]
[BlackElo "1602"]
[PlyCount "106"]
[EventDate "2008.04.25"]

1. d4 Nf6 2. c4 g6 3. Nc3 Bg7 4. e4 d6 5. d5 O-O 6. Bd3 e5 7. Bg5 Nbd7 8. Bxf6
Nxf6 9. h3 Nh5 10. Nge2 Bd7 11. f3 Rc8 12. g4 Nf6 13. g5 Nh5 14. h4 c6 15. Qb3
Qc7 16. Rg1 f6 17. Ng3 Nxg3 18. Rxg3 c5 19. Nb5 Bxb5 20. Qxb5 a6 21. Qa4 Qf7
22. Bf1 fxg5 23. hxg5 Rc7 24. Qb3 Qf4 25. Kf2 Qxe4 26. Re1 Qd4+ 27. Kg2 Qd2+
28. Re2 Qb4 29. Qxb4 cxb4 30. b3 Rf5 31. Rg4 Bf8 32. Kg3 Rcf7 33. Re3 Be7 34.
Bd3 Rxg5 35. Rxg5 Bxg5 36. Re4 Bf4+ 37. Kf2 h5 38. Bf1 g5 39. Bh3 Rg7 40. Bf5
g4 41. Kg2 gxf3+ 42. Kxf3 Rg3+ 43. Kf2 h4 44. Re1 Kg7 45. Rh1 Rc3 46. Rg1+ Kf6
47. Rg6+ Kxf5 48. Rxd6 h3 49. Rh6 Bxh6 50. d6 h2 51. d7 h1=Q 52. d8=Q Qf3+ 53.
Ke1 Rc1+ 0-1